000 00293nam a2200121Ia 4500
005 20251222140108.0
008 251222s1900||||xx |||||||||||||| ||spa||
082 _a114.1/P59
100 _aPinilla, Antonio
245 0 _aSofrosine:
264 _bInstituto Luis Vives de FilosofĂ­a
942 _cLIB
999 _c4214
_d4214